Top 100 UK Baby Boys' Names in 1850 - Statistics

General Stats
  • This quiz has been taken 70,385 times
  • The average score is 32 of 100
Answer Stats
# Name % Correct
2 John
91%
1 William
85%
4 George
82%
5 James
82%
7 Charles
76%
6 Henry
75%
3 Thomas
71%
25 Harry
69%
15 David
67%
10 Edward
67%
24 Peter
67%
30 Michael
64%
11 Richard
63%
9 Robert
63%
35 Mark
60%
31 Matthew
59%
37 Andrew
58%
22 Daniel
53%
71 Sam
53%
19 Benjamin
52%
8 Joseph
52%
59 Fred
51%
66 Luke
51%
26 Stephen
50%
34 Alexander
49%
28 Frank
49%
73 Oliver
48%
21 Albert
47%
40 Christopher
47%
16 Arthur
44%
69 Adam
43%
48 Jacob
43%
96 Louis
43%
12 Samuel
42%
75 Timothy
41%
62 Anthony
40%
38 Philip
39%
29 Tom
39%
72 Nicholas
37%
20 Francis
36%
51 Patrick
35%
33 Abraham
34%
44 Joshua
34%
23 Isaac
33%
39 Jonathan
33%
85 Nathan
33%
67 Joe
32%
36 Frederic
31%
60 Martin
31%
13 Alfred
30%
80 Noah
30%
17 Walter
29%
45 Lewis
28%
49 Eli
26%
79 Leonard
26%
97 Phillip
26%
74 Aaron
25%
14 Frederick
20%
76 Nathaniel
20%
27 Edmund
19%
54 Elijah
19%
70 Jeremiah
19%
18 Edwin
18%
52 Owen
18%
99 Roger
18%
89 Dennis
17%
77 Edgar
17%
43 Hugh
17%
55 Moses
17%
32 Herbert
16%
63 Ernest
15%
41 Evan
15%
83 Allen
14%
98 Isaiah
14%
91 Solomon
13%
95 Abel
12%
46 Ralph
12%
88 Caleb
10%
56 Job
10%
82 Jonas
10%
47 Josiah
10%
65 Levi
10%
53 Amos
9%
93 Horace
9%
42 Jesse
9%
86 Elias
8%
61 Cornelius
7%
68 Ebenezer
7%
50 Reuben
7%
94 Ellis
6%
58 Sidney
6%
100 Simeon
6%
57 Enoch
5%
84 Ephraim
5%
64 Jabez
5%
87 Ambrose
4%
78 Emanuel
4%
90 Rees
4%
92 Rowland
4%
81 Griffith
3%
No matching quizzes found
Score Distribution
Percent of People with Each Score
Percentile by Number Answered
Your Score History
You have not taken this quiz